| 000 | 02725cam a2200385 a 4500 | ||
|---|---|---|---|
| 001 | 000P1013 | ||
| 003 | WSP | ||
| 005 | 20260416153406.0 | ||
| 006 | m o d | ||
| 007 | cr cnu---unuuu | ||
| 008 | 150820s2016 enka ob 001 0 eng d | ||
| 010 | _z 2015005247 | ||
| 040 |
_aWSPC _beng _cWSPC |
||
| 020 |
_a9781783267200 _q(ebook) |
||
| 020 |
_a1783267208 _q(ebook) |
||
| 020 | _z9781783267194 | ||
| 020 | _z1783267194 | ||
| 050 | 4 |
_aQP701 _b.C525 2016 |
|
| 082 | 0 | 4 |
_a612/.01578 _223 |
| 245 | 0 | 0 |
_aCarbohydrate chemistry : _bstate of the art and challenges for drug development : an overview on structure, biological roles, synthetic methods, and application as therapeutics / _cedited by Laura Cipolla. |
| 260 |
_aLondon : _bImperial College Press, _c©2016. |
||
| 300 |
_a1 online resource (xxviii, 506 p.) : _bill. (some col.) |
||
| 538 | _aMode of access: World Wide Web. | ||
| 500 | _aTitle from PDF file title page (viewed September 14, 2015). | ||
| 533 |
_aElectronic reproduction. _bSingapore : _cWorld Scientific, _d[2015]. |
||
| 520 |
_a"The structural complexity and the synthetic challenges facing glycans have historically hampered efforts to study their multifaceted roles and the application of carbohydrates in drug development. However, in very recent years, new synthetic techniques flanked by the growing knowledge about carbohydrate involvement in physiological and pathological states has spurred renewed interest in the chemistry, biology and therapeutic potentialities of carbohydrates. This book offers an overview of key aspects of carbohydrate biology and chemistry that are fundamental for the design of novel therapeutics. The four-part structure of this book introduces these essential components to life, starting from their structure and biological roles and covering analytical methods and synthesis which pave the way for the development of a wide range of therapeutic applications. Leading experts from around the world are brought together to offer their recent research with the ultimate aim of enlightening the reader on the complex yet exciting field of carbohydrate chemistry. Academic and industrial researchers in structural biology, drug discovery and carbohydrate chemistry will find this book an essential guide to the latest research and future potential of medicinal chemistry."-- _cProvided by publisher. |
||
| 504 | _aIncludes bibliographical references and index. | ||
| 650 | 0 |
_aCarbohydrates _xSynthesis. |
|
| 650 | 0 | _aPharmaceutical chemistry. | |
| 650 | 0 | _aDrug development. | |
| 655 | 0 | _aElectronic books. | |
| 700 | 1 |
_aCipolla, Laura, _d1968- |
|
| 856 | 4 | 0 | _uhttps://www.worldscientific.com/worldscibooks/10.1142/P1013#t=toc |
| 942 | _cE-BOOK | ||
| 999 |
_c49719 _d49719 |
||